| 000 | 00998nam a2200253Ia 4500 | ||
|---|---|---|---|
| 003 | OSt | ||
| 005 | 20221005104454.0 | ||
| 006 | a|||||r|||| 00| 0 | ||
| 007 | ta | ||
| 008 | 221004b |||||||| |||| 00| 0 hin d | ||
| 024 | _a32010 | ||
| 037 | _cTextual | ||
| 040 |
_aCRL _cCRL _bhin |
||
| 041 |
_2hin _ahin |
||
| 082 | _aO152:gx3,1, 152L3 | ||
| 100 | _aदण्डि | ||
| 245 | 0 |
_aकाव्यादर्शः _b काव्यलक्षणापराभिधः - व्याख्याकार धर्मेन्द्रकुमार गुप्तः |
|
| 246 | _aKāvyādarshah: kāvyalakṣhaṇāparābhidhah - vyākhyākār dharmendrakumār guptah | ||
| 260 |
_aदिल्ली _bमेहरचन्द लछमनदास भारत _c1973 |
||
| 300 |
_a426पृ. _ccm. |
||
| 650 | _aसंस्कृत साहित्य | ||
| 942 |
_hO152:gx3,1, 152L3 _cTEXL _2cc |
||
| 999 |
_c1012808 _d1012808 |
||